000 00563nam a2200193Ia 4500
005 20250507130228.0
008 008 250505s9999 xx 000 0 eng d
037 _aSeries Article
040 _aEASL
_beng
_cEASL
041 _aeng
_2eng
084 _qEASL
100 _aJones Justin
245 0 _a'Signs of churing': Muslim personal law and public contestation in twenty-first century India
260 _aUK
_bCambridge Cambridge University Press UK
_c2010
300 _a175-
650 _aLaw
942 _cSRA
999 _c1318439
_d1318439